MARC

Tag First Indicator Second Indicator Subfields
LEADER 00000cam a2200000 4500
001 in00000099360
005 20150926125603.0
008 691007s1968 enkaf b 10100 eng b
010 |a  67022234  
015 |a B69-12242 
020 |a 085102002X  |c 5/15/- 
035 |a (OCoLC)00020896 
035 |9 AAL3781AM 
040 |a DLC  |c DLC  |d TXA  |d UtOrBLW 
041 0 |a eng  |a fre 
049 |a TXAM  |c [802906] 
050 0 0 |a TL500  |b .N6 no. 111 
060 0 |a WD 752  |b  T411 1965 
082 0 |a 612/.0145/6 
245 0 0 |a Thermal problems in aerospace medicine /  |c [editor: J. D. Hardy]. 
264 1 |a Maidenhead :  |b [published for] the Advisory Group for Aerospace Research and Development of N.A.T.O. [by] Technivision Services;  |c 1968. 
264 2 |a [London] :  |b [distributed by Technical P.], 
300 |a ix, 254 pages :  |b plate, illustrations (including 6 color) ;  |c 26 cm. 
336 |a text  |b txt  |2 rdacontent 
337 |a unmediated  |b n  |2 rdamedia 
338 |a volume  |b nc  |2 rdacarrier 
490 1 |a AGARDograph ;  |v no. 111 
500 |a "Proceedings of two conferences of the Aerospace Medical Panel of AGARD held at Lisbon (1964) and Furstenfeldbruck (1965)." 
500 |a English or French. 
504 |a Includes bibliographies. 
650 0 |a Space medicine. 
650 0 |a Heat  |x Physiological effect. 
700 1 |a Hardy, James D.  |q (James Daniel),  |d 1904-1985. 
710 2 |a North Atlantic Treaty Organization.  |b Advisory Group for Aerospace Research and Development. 
830 0 |a AGARDograph ;  |v no. 111. 
999 |a MARS 
999 f f |s 37ad9774-8b6a-3dda-85c9-ed3aaa51f21b  |i dacbccde-1d32-312f-88c6-73bec2b48ff7  |t 0 
952 f f |p ric  |a Texas A&M University  |b Rellis Campus  |c Joint Library Facility  |d Remote Storage  |t 0  |e TL500 .N6 no. 111  |h Library of Congress classification  |i unmediated -- volume  |m A14805529519 
998 f f |a TL500 .N6 no. 111  |t 0  |l Remote Storage